00799 2200277 4500001002100000005001700021008004100038020001800079035002400097082001000121090001700131100001300148245011100161250001100272260002700283300002500310500006300335650002200398700002300420850001600443980001300459985000600472986001300478999001500491999001500506YOGYA-0209000001693420090227022712.0 ind  a979-404-020-7 0010-020900000016934 a604.2 a604.2bBil P aBILLGRAY aPetunjuk praktis studio gambar untuk seniman dan desainer grafikcBillgray ; penerjemah, S. Anwar Effendie aCet. 2 aBandungbAngkasac1993 a129 hlmbilusc24 cm aJudul asli : Studio tips for artists and graphic designers aMenggambar teknis aEFFENDIE, S. Anwar aYOPDYOG (B) a05-12-05 a2 afwhRTREV a95P0067738 a95P0067739